Dopasuj imię do nazwiska - polscy żużlowcy - Statystyki

Ogólne statystyki
  • Ten quiz został rozwiązany 27 razy
  • Średni wynik to 15 z 20
Statystyki odpowiedzi
Hint Odpowiedź % Poprawnych
Tomasz Gollob
96%
Patryk Dudek
88%
Jarosław Hampel
88%
Krzysztof Kasprzak
88%
Bartosz Zmarzlik
88%
Rafał Dobrucki
84%
Janusz Kołodziej
84%
Piotr Protasiewicz
80%
Jerzy Szczakiel
80%
Dominik Kubera
76%
Adrian Miedziński
76%
Sebastian Ułamek
76%
Maciej Janowski
72%
Maksym Drabik
68%
Andrzej Huszcza
68%
Edward Jancarz
68%
Adam Skórnicki
60%
Grzegorz Walasek
60%
Antoni Woryna
52%
Roman Jankowski
48%
Nie znaleziono quizów pasujących do podanych kryteriów
Rozkład punktacji
Procent ludzi z każdym wynikiem
Percentyl według liczby udzielonych odpowiedzi
Twoja historia wyników
Nie rozwiązałeś tego quizu